| Tag |
First Indicator |
Second Indicator |
Subfields |
| LEADER |
00000cam a2200000 i 4500 |
| 001 |
in00001069665 |
| 005 |
20230620163748.0 |
| 008 |
910611s1991 flu 000 f eng |
| 010 |
|
|
|a 91022243
|
| 020 |
|
|
|a 9781562800048
|q (pbk. ;
|q alk. paper)
|
| 020 |
|
|
|a 1562800043
|q (pbk. ;
|q alk. paper)
|
| 029 |
1 |
|
|a AU@
|b 000008160654
|
| 029 |
1 |
|
|a NZ1
|b 3692758
|
| 029 |
1 |
|
|a YDXCP
|b 1194659
|
| 035 |
|
|
|a (OCoLC)ocm24010926
|
| 035 |
|
|
|a (OCoLC)24010926
|
| 035 |
|
|
|a (OCoLC)ocm24010926
|
| 040 |
|
|
|a DLC
|b eng
|e rda
|c DLC
|d OCL
|d OCLCQ
|d CCS
|d BAKER
|d BTCTA
|d YDXCP
|d OCLCO
|d OCLCF
|d OCLCQ
|d OCLCO
|d UMK
|d OCLCO
|d OCL
|d OKX
|d SFR
|d INT
|d OCLCQ
|d DKC
|d CTB
|d OCLCO
|d ZQP
|d OCLCO
|d TXA
|
| 043 |
|
|
|a n-us-il
|
| 050 |
0 |
0 |
|a PS3552.A4327
|b I5 1991
|
| 082 |
0 |
0 |
|a 813/.54
|2 20
|
| 100 |
1 |
|
|a Baker, Nikki,
|d 1962-
|e author.
|
| 245 |
1 |
0 |
|a In the game :
|b a Virginia Kelly mystery /
|c Nikki Baker.
|
| 264 |
|
1 |
|a Tallahassee, FL :
|b The Naiad Press, Inc.,
|c 1991.
|
| 300 |
|
|
|a 171 pages ;
|c 22 cm
|
| 336 |
|
|
|a text
|b txt
|2 rdacontent
|
| 337 |
|
|
|a unmediated
|b n
|2 rdamedia
|
| 338 |
|
|
|a volume
|b nc
|2 rdacarrier
|
| 520 |
|
|
|a When businesswoman Virginia Kelly, a black lesbian, meets her old college chum Bev Johnson for drinks late one night, Bev confides that her lover, Kelsey, is seeing another woman. Ginny had picked up that gossip months ago, but she is shocked when the next morning's papers report that Kelsey was found murdered behind the very bar where Ginny and Bev had met. Worried that her friend could be implicated, Ginny decides to track down Kelsey's killer and also contacts a lawyer, Susan Coogan. Susan takes an immediate, intense liking to Ginny, complicating Ginny's relationship with her live-in lover. Meanwhile Ginny's inquiries heat up when she learns the Feds suspected Kelsey of embezzling from her employer.
|
| 500 |
|
|
|a The Cushing Library/Women & Gender Studies copy was acquired as part of The Arden Eversmeyer Collection.
|5 TXA
|
| 650 |
|
0 |
|a Kelly, Virginia (Fictitious character)
|v Fiction.
|
| 650 |
|
0 |
|a Women detectives
|z Illinois
|z Chicago
|v Fiction.
|
| 650 |
|
0 |
|a Investment advisors
|v Fiction.
|
| 650 |
|
0 |
|a Lesbians
|v Fiction.
|
| 651 |
|
0 |
|a Chicago (Ill.)
|v Fiction.
|
| 651 |
|
1 |
|a Chicago (Ill.)
|v Fiction.
|
| 650 |
|
6 |
|a Inspectrices de police
|z Illinois
|z Chicago
|v Romans, nouvelles, etc.
|
| 650 |
|
6 |
|a Conseillers en placements
|v Romans, nouvelles, etc.
|
| 650 |
|
6 |
|a Lesbiennes
|v Romans, nouvelles, etc.
|
| 650 |
|
7 |
|a Investment advisors.
|2 fast
|0 (OCoLC)fst00978168
|
| 650 |
|
7 |
|a Kelly, Virginia (Fictitious character)
|2 fast
|0 (OCoLC)fst00986728
|
| 650 |
|
7 |
|a Lesbians.
|2 fast
|0 (OCoLC)fst00996540
|
| 650 |
|
7 |
|a Women detectives.
|2 fast
|0 (OCoLC)fst01177563
|
| 651 |
|
7 |
|a Illinois
|z Chicago.
|2 fast
|0 (OCoLC)fst01204048
|
| 650 |
|
7 |
|a Lesbian detectives
|v Fiction.
|2 henn
|
| 655 |
|
7 |
|a Detective and mystery fiction.
|2 fast
|0 (OCoLC)fst01726581
|
| 655 |
|
7 |
|a Lesbian fiction.
|2 lcgft
|
| 655 |
|
7 |
|a Mystery fiction.
|2 gsafd
|
| 655 |
|
7 |
|a Lesbian mystery stories.
|2 henn
|
| 655 |
|
7 |
|a Detective and mystery fiction.
|2 lcgft
|
| 776 |
0 |
8 |
|i Online version:
|a Baker, Nikki, 1962-
|t In the game.
|d Tallahassee, FL : Naiad Press, 1991
|w (OCoLC)605128117
|
| 776 |
0 |
8 |
|i Online version:
|a Baker, Nikki, 1962-
|t In the game.
|d Tallahassee, FL : Naiad Press, 1991
|w (OCoLC)608348081
|
| 938 |
|
|
|a Baker & Taylor
|b BKTY
|c 9.95
|d 9.95
|i 1562800043
|n 0001971794
|s active
|
| 938 |
|
|
|a Baker and Taylor
|b BTCP
|n 91022243
|c $8.95
|
| 938 |
|
|
|a YBP Library Services
|b YANK
|n 1194659
|
| 948 |
|
|
|h HELD BY TXA - 125 OTHER HOLDINGS
|
| 994 |
|
|
|a Z0
|b TXA
|
| 999 |
f |
f |
|s 30a93eff-5fe4-3935-943c-eaf47830bb16
|i 5feed2ff-1b18-3ab4-9ac3-99fd31d0e722
|t 0
|
| 952 |
f |
f |
|p ric
|a Texas A&M University
|b Rellis Campus
|c Joint Library Facility
|s JLF
|d Remote Storage
|t 0
|e PS3552.A4327 I5 1991
|h Library of Congress classification
|i unmediated -- volume
|m A14815659764
|
| 998 |
f |
f |
|a PS3552.A4327 I5 1991
|t 0
|l Remote Storage
|